|
|
|
|
| LEADER |
00000naa0a2200000 4500 |
| 001 |
642292 |
| 005 |
20250604092313.0 |
| 035 |
|
|
|a (RuTPU)RU\TPU\network\7231
|
| 090 |
|
|
|a 642292
|
| 100 |
|
|
|a 20150619d2012 k y0engy50 ba
|
| 101 |
0 |
|
|a eng
|
| 135 |
|
|
|a drcn ---uucaa
|
| 181 |
|
0 |
|a i
|
| 182 |
|
0 |
|a b
|
| 200 |
1 |
|
|a Chaotic results of multidimensional ordinal measurements
|f S. V. Muravyov (Murav’ev)
|
| 203 |
|
|
|a Text
|c electronic
|
| 300 |
|
|
|a Title screen
|
| 320 |
|
|
|a [References: 15 tit.]
|
| 330 |
|
|
|a Multidimensional ordinal measurement in aform of problem of a single consensus rankingdetermination for m rankings of n alternatives is consideredin the paper. The Kemeny rule is one of deeply justifiedways to solve the problem allowing to find such a linearorder (Kemeny ranking) of alternatives that a distance(defined in terms of a number of pair-wise disagreementsbetween rankings) from it to the initial rankings is minimal.But computational experiments outcomes show that theapproach can give considerably more than one optimalsolutions what argues instability of the measurementprocedure. Hence, special efforts to avoid this phenomenonare needed.
|
| 463 |
|
|
|t Metrology for Green Growth
|o Proceedings of the XX IMEKO World Congress, September 9-14, 2012, Busan, Republic of Korea
|v [4 р.]
|d 2012
|
| 610 |
1 |
|
|a электронный ресурс
|
| 610 |
1 |
|
|a труды учёных ТПУ
|
| 700 |
|
1 |
|a Muravyov (Murav’ev)
|b S. V.
|c specialist in the field of control and measurement equipment
|c Professor of Tomsk Polytechnic University,Doctor of technical sciences
|f 1954-
|g Sergey Vasilyevich
|3 (RuTPU)RU\TPU\pers\31262
|9 15440
|
| 712 |
0 |
2 |
|a Национальный исследовательский Томский политехнический университет (ТПУ)
|b Институт кибернетики (ИК)
|b Кафедра компьютерных измерительных систем и метрологии (КИСМ)
|3 (RuTPU)RU\TPU\col\18706
|
| 801 |
|
2 |
|a RU
|b 63413507
|c 20211224
|g RCR
|
| 850 |
|
|
|a 63413507
|
| 856 |
4 |
|
|u http://www.imeko.org/publications/wc-2012/IMEKO-WC-2012-TC7-O9.pdf
|
| 942 |
|
|
|c CF
|